Estadísticas para Prueba de Islas Baleares

Haz click aquí para intentar la prueba.

Estadísticas generales

  • Esta prueba ha sido intentada 1.840 veces
  • La puntuación promedio es 9 de 14

Estadísticas de respuestas

PreguntaRespuesta% Correcto
Las cuatro islas principalesMallorca
98%
Las cuatro islas principalesMenorca
97%
Las cuatro islas principalesIbiza
96%
Mar en que se encuentra el mar BalearMediterráneo
95%
Idioma regionalCatalán
92%
Capital y ciudad más pobladaPalma
90%
Las cuatro islas principalesFormentera
85%
País que controló la segunda isla por la mayoría del siglo XVIIIGran Bretaña
69%
Imperio que unificó el primer grupo de islas por primera vezImperio {Romano}
67%
Año del primer Estatuto del Autonomía1983
44%
Dos grupos de islasIslas {Pitiusas}
37%
Compositor famoso que vivió en la primera islaFrédéric Chopin
25%
Saludo baleárico de tres letras¡Uep!
23%
Dos grupos de islasIslas {Gimnesias}
12%

Distribución de puntuación

Porcentaje por número respondido

Porcentaje de gente con cada puntuación

Historial de tus puntuaciones

No has intentado esta prueba.